The hours of the night

Bibliographic Details
Main Author: Gee, Sue
Format: Book
Published: London : Headline Book Publishing , 2004
Subjects:

MARC

LEADER 00000cam a2200000 7i4500
001 0000007778
005 20070920.0
008 070906
020 |a 075530313X 
090 0 0 |a GEE   |b ENG 
100 1 |a Gee, Sue 
245 1 4 |a The hours of the night   |c Gee Sue 
260 |a London :   |b Headline Book Publishing ,   |c 2004 
650 0 |a English fiction 
650 0 |a Novel 
999 |a 0000991373   |b Book   |c Adult Collection   |e Perbadanan Perpustakaan Awam Johor 
999 |a 0000991374   |b Book   |c Adult Collection   |e Perbadanan Perpustakaan Awam Johor